Olympijské hry 1980 hry 22. olympiády, Moskva : 13. Zimní olympijské hry, Lake Placid

Bibliographic Details
Other Authors: Popper, Jan, 1931-1986 (Commentator for written text), Himl, Antonín, 1933-1988 (Author of introduction, etc.), Dobrovodský, Vladimír, 1931- (Editor)
Format: Book
Language:Czech
Slovak
PhysicalDescription:320 s. 26 cm
Published: Bratislava Praha Šport Olympia 1981
Edition:1. vyd.
Subjects:

MARC

LEADER 00000cam a2200000 a 4500
001 vtls001098630
003 SK-MaSNL
005 20260301111340.0
008 180815s1981 xo o 00000 cze
015 |a SNBA1982 
035 |a SNK000041472 
040 |a SNK  |b slo  |c SNK  |e AACR2 
041 0 |a cze  |a slo 
044 |a xo  |c SK 
080 |a 796.032.2(084.12)"1980"=850  |2 1981 
080 |a (036)  |2 1981 
245 0 0 |a Olympijské hry 1980  |b hry 22. olympiády, Moskva : 13. Zimní olympijské hry, Lake Placid  |c Uspoř. a hl. red.: Vladimír Dobrovodský ; ... [et al.] 
250 |a 1. vyd. 
260 |a Bratislava  |b Šport  |a Praha  |b Olympia  |c 1981 
300 |a 320 s.  |c 26 cm 
366 |e 15000 výt. 
500 |a Fareb. fot. na tit. liste, front. a predsádkach 
500 |a 30000 výtl. vyd. pre Olympiu 
546 |a Část. slov. text 
611 2 7 |a Letní olympijské hry  |n (22. :  |d 1980 :  |c Moskva, Rusko)  |2 SNKKA  |9 450538 
611 2 7 |a Zimní olympijské hry  |n (13. :  |d 1980 :  |c Lake Placid, New York)  |2 SNKKA  |9 450539 
648 7 |a 1980  |2 SNKPH  |9 279231 
650 0 7 |a olympijské hry  |2 SNKPH  |9 3300 
650 0 7 |a olympijské športy  |2 SNKPH  |9 73163 
651 7 |a Moskva (Rusko)  |2 SNKPH  |9 17405 
651 7 |a Lake Placid (New York)  |2 SNKPH  |9 104157 
655 7 |a informačné publikácie  |2 SNKPH  |9 70181 
700 1 |a Popper, Jan,  |d 1931-1986  |4 cwt  |9 109301 
700 1 |a Himl, Antonín,  |d 1933-1988  |4 aui  |9 157449 
700 1 |a Fulín, Miloslav,  |d 1928-  |4 bkd  |9 104788 
700 1 |a Novotný, Pavel  |4 oth  |9 6392 
700 1 |a Procházka, Karel  |4 oth  |9 5780 
700 1 |a Dobrovodský, Vladimír,  |d 1931-  |4 edt  |9 6485 
700 1 |a Staněk, Jaroslav  |4 oth  |9 369254 
958 |a OND 
958 |a CZ 
958 |a TL 
958 |a SK 
999 |c 706608  |d 708538 
952 |a SNK  |b SNK  |y PREZ  |7 0  |p 17A0983516  |o snkSB 33845  |i snkKSP 5028/82  |0 0  |1 0  |4 0  |d 2014-05-12  |f 1  |l 0  |r 2025-04-09 00:00:00  |w 2026-02-23 
952 |t snkLOH/80 796.032.2  |a SNKUST  |b SNKUST  |y PREZ  |7 0  |p 17A0218740  |o snkSB 33845 D1  |i snkKSP 5029/82  |0 0  |1 0  |4 0  |d 2014-05-12  |l 0  |r 2025-05-28 00:00:00  |w 2026-02-23